|
|
|
|
| LEADER |
00000nam a2200000 a 4500 |
| 001 |
vtls011553548 |
| 003 |
SK-MaSNL |
| 005 |
20260302085314.0 |
| 008 |
240318s2016 xo a e n 000 0 slo |
| 015 |
|
|
|a SNBA2016/06
|
| 020 |
|
|
|a 9788055214740
|q (brož.)
|
| 035 |
|
|
|a AA19BA18-BE80-40DB-B576-C7B83B9FABDD
|
| 035 |
|
|
|a urn:nbn:sk:snk-amllo0
|
| 035 |
|
|
|a urn:nbn:sk:snk-am00bfe1
|
| 040 |
|
|
|a SNK
|b slo
|c SNK
|e AACR2
|
| 041 |
0 |
|
|a slo
|
| 044 |
|
|
|a xo
|c SK
|
| 072 |
|
7 |
|a 633
|x Rastlinná výroba
|2 konspekt
|
| 072 |
|
7 |
|a 635
|x Záhradkárstvo
|2 konspekt
|
| 080 |
|
|
|a 633
|2 2001
|
| 080 |
|
|
|a 635.1/.8
|2 2011
|
| 080 |
|
|
|a 635.01
|2 2001
|
| 080 |
|
|
|a (075.8)
|2 2011
|
| 100 |
1 |
|
|a Uher, Anton,
|d 1946-
|4 aut
|9 110765
|
| 245 |
1 |
0 |
|a Poľné a záhradné plodiny
|c Anton Uher a kolektív
|
| 250 |
|
|
|a 2. nezm. vyd.
|
| 260 |
|
|
|a Nitra
|b Slovenská poľnohospodárska univerzita
|c 2016
|
| 300 |
|
|
|a 305 s.
|b tab.
|c 24 cm
|
| 366 |
|
|
|e 100 výt.
|
| 504 |
|
|
|a Bibliogr.: s. 302-305
|
| 650 |
0 |
7 |
|a poľné plodiny
|2 SNKPH
|9 67137
|
| 650 |
0 |
7 |
|a záhradné plodiny
|2 SNKPH
|9 67946
|
| 650 |
0 |
7 |
|a pestovanie poľných rastlín
|2 SNKPH
|9 31784
|
| 650 |
0 |
7 |
|a pestovanie záhradných rastlín
|2 SNKPH
|9 30897
|
| 650 |
0 |
7 |
|a Field crops
|2 SNKPHeng
|9 359510
|
| 650 |
0 |
7 |
|a Horticultural crops
|2 SNKPHeng
|9 351209
|
| 650 |
0 |
7 |
|a Field crops cultivation
|2 SNKPHeng
|9 317676
|
| 650 |
0 |
7 |
|a Garden plants cultivation
|2 SNKPHeng
|9 314976
|
| 655 |
|
7 |
|a učebnice vysokých škôl
|2 SNKPH
|9 70191
|
| 655 |
|
7 |
|a Textbooks (higher)
|2 SNKPHeng
|9 276436
|
| 919 |
|
|
|a 978-80-552-1474-0
|
| 958 |
|
|
|a NB
|
| 999 |
|
|
|c 1191573
|d 1193503
|
| 952 |
|
|
|a SNK
|b SNK
|y PREZ
|7 0
|p 17A1196008
|o snkSC 169874
|i snk2016/12942
|8 0
|0 0
|1 0
|4 0
|d 2016-05-18
|f 1
|l 0
|r 2026-02-24 22:14:00
|w 2026-02-24
|
| 952 |
|
|
|a SNK
|b SNK
|y VYP
|7 0
|p 17A1196009
|o snkSC 169874 D1
|i snk2016/12943
|8 0
|0 0
|1 0
|4 0
|d 2016-05-18
|l 0
|r 2026-02-24 22:14:00
|w 2026-02-24
|